000 00405cam a2200181ua 4500
020 _c3.00
041 _ahin
_h
082 _a891.54
_bBAC/MI
100 _aBachchan, .
245 _aMilan Yamini /
_cBachchan.
_hTextual Documents
250 _a2 /
_b.
260 _a :
_bRajpal and Sanch ,
_c1961.
300 _a229 ; .
365 _a3.00
504 _a
942 _cBK
999 _c6382
_d6382